Mladí za socialistický charakter obnovy III. mimoriadny zjazd Zväzu poľskej socialistickej mládeže

Bibliographic Details
Format: Article
Language:Slovak
Subjects:

MARC

LEADER 00000nab a2200000 a 4500
001 vtls000082716
003 SK-MaSNL
005 20260303031834.0
008 150501c1981 xo 0 slo
015 |a SNBRB19rr/mm-uuuuu 
035 |a CL0092818 
040 |a SNKBUCL  |b slo  |c SNKBUCL  |e AACR2 
041 0 |a slo 
044 |a xo  |c SK 
080 |a 329.78(100-11)  |2 1981 
245 0 0 |a Mladí za socialistický charakter obnovy  |b III. mimoriadny zjazd Zväzu poľskej socialistickej mládeže 
650 0 7 |a Zväz poľskej socialistickej mládeže  |2 snkbucl  |9 1014247 
655 7 |a články z novín a časopisov  |2 snkbucl  |9 267496 
773 0 |t Pravda  |g Roč. 62, č. 96 (24. 4. 1981), s. 7 
850 |a Slovenská národná knižnica v Martine  |a MTA001 
852 |a SNK  |b KIS3GCP 
958 |a RK 
958 |a PL 
992 |a RBX 
999 |c 1660607  |d 1662537